Statistics for Sports by Phonetic Spelling

Click here to take the quiz!

General Stats

  • This quiz has been taken 481 times
  • The average score is 16 of 20

Answer Stats

Phonetic SpellingEnglish Spelling% Correct
ɡɒlfGolf
100%
fʊtbɔlFootball
96%
tɛ.nɪsTennis
94%
bæskɪtbɔlBasketball
93%
swɪmɪŋSwimming
92%
beɪsbɔlBaseball
90%
skiɪŋSkiing
90%
bædmɪntənBadminton
87%
kɹɪk.ɪtCricket
81%
bɑbsleɪBobsleigh
79%
dʒɪmˈnæs.tɪksGymnastics
78%
wɪndsɜː(ɹ)fɪŋWindsurfing
78%
kəˈɹɑː(ɹ).tiKarate
71%
kroʊˈkeɪCroquet
70%
seɪlɪŋSailing
68%
ɹoʊiŋɡRowing
64%
saɪk(ə)lɪŋCycling
61%
kəˈnuɪŋCanoeing
57%
krɔskʌntɹiCross country
55%
muˈtoɾreɪsɪŋMotor racing
52%

Score Distribution

Percentile by Number Answered

Percent of People with Each Score

Your Score History

You have not taken this quiz